| 000 | 00893nam a2200277Ia 4500 | ||
|---|---|---|---|
| 999 |
_c41072 _d41072 |
||
| 001 | 7721 | ||
| 003 | GE_BSU | ||
| 005 | 20221116113249.0 | ||
| 008 | 181216s||||||||xx |||||||||||||| ||und|| | ||
| 020 | _a1852333146.x | ||
| 040 | _cGE_BSU | ||
| 041 | _aeng | ||
| 080 | _a515.12 H-84 | ||
| 100 |
_aHowie,John M. _914692 |
||
| 245 |
_aReal Analysis / _cJohn M. Howie, Advisory Board:P.J.Cameron,M.A.J.Chaplain, K.Edman,and other. |
||
| 264 |
_aLondon: _bSpringer, _c2005. |
||
| 300 |
_a276 p; _c23 cm. |
||
| 440 |
_aSpringer Undergraduate Mathematics Series: ISSN 1615-2085. _914670 |
||
| 653 | _aReal Analysis. | ||
| 653 | _aგეომეტრია | ||
| 653 | _aრეალური ანალიზი. | ||
| 700 |
_aCameron, P.J _eAdvisory Board _914676 |
||
| 700 |
_aChaplain, M.A.J. _eAdvisory Board _914672 |
||
| 700 |
_aEdman, K. _eAdvisory Board _914691 |
||
| 942 |
_cBK _2udc |
||